Statistics for Song Title Antonyms #1

Click here to take the quiz!

General Stats

  • This quiz has been taken 36,376 times
    (7,935 since last reset)
  • The average score is 14 of 20

Answer Stats

Antonyms Song Title % Correct
Good GirlsBad Boys
97%
TomorrowYesterday
97%
Yes Man, Yes LaughNo Woman, No Cry
91%
When a Woman Hates a ManWhen a Man Loves a Woman
88%
Good Sun SettingBad Moon Rising
87%
Do Start Doubtin'Don't Stop Believin'
86%
Died to be TameBorn to be Wild
84%
Bitter Adult O' YoursSweet Child O' Mine
84%
They Aren't OldWe Are Young
83%
Nobody to HateSomebody to Love
83%
The Silence of SoundsThe Sound of Silence
77%
Hate MansionLove Shack
77%
Small MammaBig Poppa
73%
Dyin' la Muerte CuerdoLivin' la Vida Loca
69%
You Won't DieI Will Survive
60%
MentalPhysical
60%
The Fake Fat SunnyThe Real Slim Shady
51%
False GraysTrue Colors
50%
Your Death Wouldn't
Rule With Me
My Life Would Suck
Without You
37%
Fixing CubeWrecking Ball
15%

Score Distribution

Percentile by Number Answered

Percent of People with Each Score

Your Score History

You have not taken this quiz since the last reset